000 01510cam a22003737a 4500
999 _c22563
_d22563
001 14862177
003 OSt
005 20170124120740.0
008 070523t20072006nyua c 000 0 eng d
010 _a 2006904379
015 _aGBA683683
_2bnb
016 7 _a013567458
_2Uk
020 _a0500286515 (pbk.)
020 _a9780500286517 (pbk.)
035 _a(OCoLC)ocm71414048
035 _a(OCoLC)71414048
040 _aZCU
_cZCU
_dUKM
_dBAKER
_dYDXCP
_dDPL
_dTXA
_dDLC
042 _alccopycat
050 0 0 _aNA680
_b.F887 2007
082 0 4 _a724/.6
_222
245 0 0 _aFuture city :
_bexperiment and utopia in architecture /
_cedited by Jane Alison ... [et al.].
246 3 0 _aExperiment and utopia in architecture
260 _aNew York :
_bThames & Hudson,
_c2007, c2006.
300 _a336 p. :
_bill. (chiefly col.) ;
_c24 cm.
500 _aCatalog of an exhibition held 15 June 2006-17 September 2006 at the Barbican Art Gallery.
650 0 _aArchitecture, Modern
_y20th century
_vExhibitions.
650 0 _aCity planning
_xHistory
_y20th century
_vExhibitions.
650 0 _aArchitecture, Modern
_y21st century
_vExhibitions.
650 0 _aCity planning
_xHistory
_y21st century
_vExhibitions.
700 1 _aAlison, Jane.
710 2 _aBarbican Art Gallery.
906 _a7
_bcbc
_ccopycat
_d2
_encip
_f20
_gy-gencatlg
942 _2lcc
_cBOOKS
_hNA 680 .F887 2007